000 00822naa a2200241 i 4500
001 58751
003 ES-MaBCM
005 20241016112032.0
008 990310s1999 fra 000 0 fre d
021 _axx
035 _a(OCoLC)1365115907
040 _cES-MaBCM
041 0 _afre
043 _afra
100 1 _aGuinchard, Serge
_920789
245 1 0 _aL'ambition d'une justice civile renovée
_b: commentaire du decret nº 98-1231 du 28 decembre 1998 et de quelques aspects de la loi nº 98-1163 du 18 decembre 1998
_cSerge Guinchard
650 2 7 _aDerecho procesal civil
_958353
650 2 7 _aDerecho a la justicia
_958287
651 4 _aFrancia
_9115364
655 4 _aLegislación comentada
_9115338
773 0 _aEn:
_tRecueil Dalloz
_dParis : 1999
_w105307
_gnº 7, févr., p. 65-70. - Loc. S.334
942 _cAREV
999 _c58751
_d58751